| 000 | 00684nam a2200229 a 4500 | ||
|---|---|---|---|
| 001 | BRL_347 | ||
| 005 | 20190320210710.0 | ||
| 008 | 310713s1991----u--a#####c---#000-0#spa-# | ||
| 041 | _aspaeng | ||
| 044 | _au | ||
| 050 | 4 |
_aGT4995 _bD53 1991 |
|
| 245 | 1 | 0 | _aDía de los muertos = Days of the Dead. |
| 260 |
_aChicago _bMexican Fine Art Center Museum _c1991 |
||
| 300 |
_a77 p. _bil. _c28 cm. |
||
| 500 | _aAu316 | ||
| 546 | _aTexto en : inglés y español | ||
| 650 | 1 | 4 |
_aDía de muertos _zMéxico _923617 |
| 650 | 1 | 4 |
_aDía de muertos _vObras pictóricas _zMéxico _923618 |
| 651 | 4 |
_aMéxico _vObras pictóricas _xVida social y costumbres _923619 |
|
| 902 | _aGRL | ||
| 942 |
_2lcc _cB |
||
| 999 |
_c9160 _d9160 |
||